UM Logo

Senate OKs bill on mandatory good manners subject / (Record no. 17539)

MARC details
000 -LEADER
fixed length control field 00440nam a22001577a 4500
003 - CONTROL NUMBER IDENTIFIER
control field OSt
005 - DATE AND TIME OF LATEST TRANSACTION
control field 20221104160406.0
008 - FIXED-LENGTH DATA ELEMENTS--GENERAL INFORMATION
fixed length control field 221104b ||||| |||| 00| 0 eng d
040 ## - CATALOGING SOURCE
Transcribing agency 0
100 ## - MAIN ENTRY--PERSONAL NAME
Personal name Felipe, Cecille Suerte.
9 (RLIN) 46634
245 ## - TITLE STATEMENT
Title Senate OKs bill on mandatory good manners subject /
260 ## - PUBLICATION, DISTRIBUTION, ETC. (IMPRINT)
Place of publication, distribution, etc. Philippines ; The Philippine Star,
Date of publication, distribution, etc. February 18, 2020.
300 ## - PHYSICAL DESCRIPTION
Extent page 5
650 ## - SUBJECT ADDED ENTRY--TOPICAL TERM
Topical term or geographic name as entry element Education
9 (RLIN) 46635
942 ## - ADDED ENTRY ELEMENTS (KOHA)
Source of classification or shelving scheme Dewey Decimal Classification
Koha item type Periodicals
Holdings
Withdrawn status Lost status Source of classification or shelving scheme Damaged status Not for loan Home library Current library Date acquired Total Checkouts Date last seen Price effective from Koha item type Public note
    Dewey Decimal Classification     UM Digos College - LIC UM Digos College - LIC 11/04/2022   11/04/2022 11/04/2022 Periodicals News paper clippings